Most Recurring Doctor Who Monsters - Statistics

General Stats
  • This quiz has been taken 248 times
    142 since last reset
  • The average score is 8 of 15
Answer Stats
No. of Doctors fought Answer % Correct
10 Cybermen
97%
14 Dalek
97%
3 Weeping Angels
79%
9 The Master
77%
6 Sontaran
64%
5 Zygons
49%
3 The Rani
48%
3 Autons
44%
3 Sea Devils
41%
3 Silurians
41%
4 Omega
37%
6 Davros
36%
3 Ice Warrior
33%
3 Judoon
26%
3 The Toymaker
26%
No matching quizzes found
Score Distribution
Percent of People with Each Score
Percentile by Number Answered
Your Score History
You have not taken this quiz since the last reset